000 00473nam a2200205Ia 4500
005 20250425161240.0
008 250425s9999 xx 000 0 und d
020 _a07035443X
041 _aeng
082 _a551.9
100 _aKRAUSKOPF, KONRAD B.
245 0 _aINTRODUCTION TO GEOCHEMISTRY
250 _aS.E.
260 _aEstados Unidos
_bMCGRAW HILL
_c1967
260 _aNEW YORK
300 _a721
650 _aGEOQUIMICA
942 _c01
010 _a16112
999 _c205436
_d205436